000 00632nam a2200229 i 4500
001 79490
003 ES-MaACL
005 20250225063128.0
007 t|
008 041021s1983 sp ||||1| spa d
020 _a84-376-0384-6
100 1 _aHernández, Mario,
_d1945-
_9151331
245 1 0 _aPara bien morir /
_cMario Hernández.
250 _a1ª ed.
260 _aMadrid :
_bCátedra,
_c1983.
300 _a148 p. ;
_c21 cm.
490 1 _aPoesía/Cátedra
830 0 _aPoesía/Cátedra
_9183626
852 _aES-MaACL
_jL-11128
_bR.109186
852 _aES-MaACL
_jL-4303
_bR.105182
999 _c79490
_d79490